[Event "Chess24 Banter Blitz Cup"]
[Site "chess24.com INT"]
[Date "2019.11.09"]
[Round "1.4"]
[White "Iturrizaga Bonelli, Eduardo"]
[Black "Kazhgaleyev, Murtas"]
[Result "1-0"]
[WhiteTitle "GM"]
[BlackTitle "GM"]
[WhiteElo "2629"]
[BlackElo "2569"]
[WhiteFideId "3901211"]
[BlackFideId "13700316"]
[EventDate "2019.09.25"]
[EventType "blitz"]

1. c4 e5 2. Nc3 Nf6 3. Nf3 Nc6 4. a3 g6 5. e3 d6 6. b4 Bg7 7. Bb2 O-O 8. d3 Ng4
9. h3 Nh6 10. g3 f5 11. Bg2 Kh8 12. O-O g5 13. Nd5 g4 14. hxg4 Nxg4 15. Nh2 Nxh2
16. Kxh2 Ne7 17. Rh1 Nxd5 18. cxd5 Qg5 19. f4 Qg6 20. Qf3 Bd7 21. Kg1 Rae8 22.
Kf2 c6 23. Qh5 Qxh5 24. Rxh5 exf4 25. Bxg7+ Kxg7 26. gxf4 Rf6 27. Rc1 Rc8 28.
Bf3 c5 29. bxc5 Rxc5 30. Rxc5 dxc5 31. Rh1 b5 32. Rc1 b4 33. axb4 cxb4 34. Rc7
Rd6 35. Rb7 a5 36. e4 fxe4 37. dxe4 Kf8 38. e5 Bc8 39. Rb8 Rd8 40. d6 b3 41.
Rxb3 Be6 42. Ra3 Rb8 43. Rxa5 Rb2+ 44. Kg3 Rb3 45. f5 Bxf5 46. Kf4 Be6 47. Bd5
Rb4+ 48. Kg5 Rg4+ 49. Kh5 Rg6 50. Ra8+ Kg7 51. Bxe6 Rxe6 52. d7 Rxe5+ 53. Kg4
Re4+ 54. Kf5 Rd4 55. d8=Q Rxd8 56. Rxd8 h5 57. Rd7+ Kf8 58. Rd4 Ke7 59. Rh4 Kd6
60. Rxh5 Kd5 61. Rh4 Kd6 62. Re4 Kd5 63. Kf4 Kd6 64. Re5 Kc6 65. Ke4 Kd6 66. Kd4
Kc6 67. Rd5 Kc7 68. Kc4 Kc6 69. Rd4 Kc7 70. Re4 Kd6 71. Rd4+ Ke6 72. Kc3 1-0

[Event "Chess24 Banter Blitz Cup"]
[Site "chess24.com INT"]
[Date "2019.11.09"]
[Round "1.5"]
[White "Kazhgaleyev, Murtas"]
[Black "Iturrizaga Bonelli, Eduardo"]
[Result "0-1"]
[WhiteTitle "GM"]
[BlackTitle "GM"]
[WhiteElo "2569"]
[BlackElo "2629"]
[WhiteFideId "13700316"]
[BlackFideId "3901211"]
[EventDate "2019.09.25"]
[EventType "blitz"]

1. d4 Nf6 2. c4 e6 3. Nc3 Bb4 4. e3 O-O 5. Bd3 c5 6. Ne2 cxd4 7. exd4 d5 8. cxd5
exd5 9. O-O h6 10. a3 Ba5 11. h3 Nc6 12. Bf4 Re8 13. Rc1 a6 14. Bb1 Bc7 15. Qd2
Bxf4 16. Qxf4 Be6 17. Rfe1 Qa5 18. Ng3 Qb6 19. Rcd1 Qxb2 20. Na4 Qxa3 21. Nc5
Qb4 22. Re3 Na5 23. Rde1 Nc4 24. R3e2 Bd7 25. Nxd7 Qxe1+ 26. Rxe1 Rxe1+ 27. Kh2
Nxd7 28. Qf5 Nf8 29. Qxd5 Rxb1 30. Qxc4 a5 31. Nf5 Ng6 32. Nd6 Nh8 33. Nf5 a4
34. Ne7+ Kh7 35. Qc2+ Ng6 36. Qxb1 a3 37. Nxg6 fxg6 38. d5 a2 39. Qa1 b5 40. d6
b4 41. d7 b3 42. Kg3 Rd8 43. Qd4 Rxd7 44. Qxd7 a1=Q 45. Qd5 b2 46. Kh2 b1=Q 0-1

[Event "Chess24 Banter Blitz Cup"]
[Site "chess24.com INT"]
[Date "2019.09"]
[Round "1.6"]
[White "Iturrizaga Bonelli, Eduardo"]
[Black "Kazhgaleyev, Murtas"]
[Result "0-1"]
[WhiteTitle "GM"]
[BlackTitle "GM"]
[WhiteElo "2629"]
[BlackElo "2569"]
[WhiteFideId "3901211"]
[BlackFideId "13700316"]
[EventDate "2019.09.25"]
[EventType "blitz"]

1. Nf3 Nf6 2. c4 e6 3. g3 d5 4. Bg2 dxc4 5. O-O Nbd7 6. Qc2 c5 7. Na3 Be7 8.
Nxc4 O-O 9. b3 Rb8 10. a4 b6 11. Bb2 Bb7 12. Rac1 Nd5 13. Rfd1 Bf6 14. d4 Qe7
15. e4 Nb4 16. Qe2 g6 17. e5 Bg7 18. Nd6 Bd5 19. Nd2 a5 20. N2c4 cxd4 21. Bxd4
Nc6 22. Bb2 Bxg2 23. Kxg2 Nc5 24. Nxb6 Rxb6 25. Rxc5 Nb4 26. Rdc1 Nd5 27. Qf3
Rbb8 28. Rxa5 Qd7 29. Rb5 Ra8 30. Ne4 h6 31. Nf6+ Bxf6 32. exf6 Rfc8 33. Rc4 Qd6
34. h4 h5 35. Qe4 Rab8 36. Qd4 Rd8 37. Qd2 Qf8 38. Qg5 Rxb5 39. axb5 Rb8 40. Re4
Rxb5 41. Rxe6 Rxb3 42. Be5 Qa8 43. Kh2 Rb1 44. Qh6 Rh1+ 45. Kxh1 Ne3+ 0-1

[Event "Chess24 Banter Blitz Cup"]
[Site "chess24.com INT"]
[Date "2019.11.09"]
[Round "1.7"]
[White "Kazhgaleyev, Murtas"]
[Black "Iturrizaga Bonelli, Eduardo"]
[Result "0-1"]
[WhiteTitle "GM"]
[BlackTitle "GM"]
[WhiteElo "2569"]
[BlackElo "2629"]
[WhiteFideId "13700316"]
[BlackFideId "3901211"]
[EventDate "2019.09.25"]
[EventType "blitz"]

1. d4 Nf6 2. c4 c5 3. d5 b5 4. cxb5 a6 5. bxa6 g6 6. Nc3 Bxa6 7. e4 Bxf1 8. Kxf1
d6 9. Nf3 Nbd7 10. g3 Bg7 11. Kg2 O-O 12. Re1 Ra6 13. a4 Qa8 14. Qc2 Rc8 15. Bd2
Ne8 16. Bg5 Kf8 17. h4 h6 18. Bd2 Nc7 19. b3 Rb8 20. Rab1 Rab6 21. Bf4 Rb4 22.
Kg1 Kg8 23. h5 g5 24. Bd2 Qb7 25. Nb5 Rxb5 26. axb5 Nxb5 27. Qd3 g4 28. Nh2 Ne5
29. Qe3 Nd4 30. b4 Ndf3+ 31. Kg2 Nxh2 32. Kxh2 Nf3+ 33. Kg2 Nxe1+ 34. Qxe1 cxb4
35. Rxb4 Qc8 36. Rxb8 Qxb8 37. Qe2 Qc8 38. Bf4 f5 39. e5 dxe5 40. Bxe5 Qd7 41.
Bxg7 Qxd5+ 42. Kh2 Kxg7 43. Qxe7+ Qf7 44. Qe5+ Kh7 45. Kg2 Qb7+ 46. Kg1 Qf7 47.
Qf4 Qxh5 48. Qc7+ Kg8 49. Qe7 Qf7 50. Qd6 Kg7 51. Qe5+ Kg6 52. Qc7 Qxc7 0-1

[Event "Chess24 Banter Blitz Cup"]
[Site "chess24.com INT"]
[Date "2019.11.09"]
[Round "1.8"]
[White "Iturrizaga Bonelli, Eduardo"]
[Black "Kazhgaleyev, Murtas"]
[Result "0-1"]
[WhiteTitle "GM"]
[BlackTitle "GM"]
[WhiteElo "2629"]
[BlackElo "2569"]
[WhiteFideId "3901211"]
[BlackFideId "13700316"]
[EventDate "2019.09.25"]
[EventType "blitz"]

1. Nf3 Nf6 2. c4 e6 3. b3 d5 4. Bb2 c5 5. e3 Nc6 6. cxd5 exd5 7. Bb5 Bd6 8. O-O
O-O 9. h3 a6 10. Bxc6 bxc6 11. d4 cxd4 12. Bxd4 c5 13. Bb2 Bb7 14. Nc3 Re8 15.
Rc1 Rc8 16. Na4 Ne4 17. Qd3 Bb8 18. Rfd1 Qd6 19. Nc3 d4 20. Ne2 Ng5 0-1

[Event "Chess24 Banter Blitz Cup"]
[Site "chess24.com INT"]
[Date "2019.11.09"]
[Round "1.9"]
[White "Kazhgaleyev, Murtas"]
[Black "Iturrizaga Bonelli, Eduardo"]
[Result "1/2-1/2"]
[WhiteTitle "GM"]
[BlackTitle "GM"]
[WhiteElo "2569"]
[BlackElo "2629"]
[WhiteFideId "13700316"]
[BlackFideId "3901211"]
[EventDate "2019.09.25"]
[EventType "blitz"]

1. d4 Nf6 2. c4 b6 3. Nc3 Bb7 4. Qc2 d5 5. cxd5 Nxd5 6. e4 Nxc3 7. bxc3 g6 8.
Nf3 Bg7 9. Bd3 O-O 10. h4 h6 11. h5 g5 12. Nxg5 hxg5 13. h6 Bf6 14. e5 c5 15.
exf6 exf6 16. Be3 cxd4 17. cxd4 Nc6 18. Qd2 Kh8 19. Kf1 Nxd4 20. Qc3 Nc6 21.
Bxg5 Ne5 22. Be2 Rc8 23. Qe3 fxg5 24. Qxe5+ f6 25. Qf5 Rc5 26. Qd3 Qe7 27. Bf3
Rd8 28. Qe3 Qxe3 29. fxe3 Bxf3 30. gxf3 Rd2 31. f4 g4 32. Rg1 f5 33. e4 Rd4 34.
exf5 Rxf4+ 35. Kg2 Rcxf5 36. Kg3 Kh7 37. Rh1 Rf7 38. Rad1 Rf3+ 39. Kxg4 R7f4+
40. Kg5 Rf5+ 41. Kg4 R5f4+ 42. Kg5 Rf7 43. Kg4 Rf2 44. Kg3 R2f3+ 45. Kg4 1/2-1/2

[Event "Chess24 Banter Blitz Cup"]
[Site "chess24.com INT"]
[Date "2019.11.09"]
[Round "1.10"]
[White "Iturrizaga Bonelli, Eduardo"]
[Black "Kazhgaleyev, Murtas"]
[Result "1-0"]
[WhiteTitle "GM"]
[BlackTitle "GM"]
[WhiteElo "2629"]
[BlackElo "2569"]
[WhiteFideId "3901211"]
[BlackFideId "13700316"]
[EventDate "2019.09.25"]
[EventType "blitz"]

1. Nf3 Nf6 2. c4 e6 3. g3 d5 4. Bg2 dxc4 5. O-O a6 6. a4 Nc6 7. Na3 Bxa3 8. bxa3
O-O 9. Bb2 Rb8 10. Rc1 b5 11. axb5 axb5 12. d3 Na5 13. Qc2 Bb7 14. Rfd1 Qe7 15.
Qc3 Nb3 16. Rb1 Ba6 17. dxc4 bxc4 18. Ne5 Bb5 19. Nxc4 Nc5 20. Ba1 Na4 21. Qc2
Bxc4 22. Qxc4 Rxb1 23. Rxb1 Qxa3 24. Qxc7 Qa2 25. Re1 Qd2 26. Qc1 Qb4 27. Rd1
Nb6 28. Bd4 Nbd5 29. Bc5 Qb8 30. Bxf8 Qxf8 31. Bxd5 Nxd5 32. e4 Nf6 33. Qc4 h5
34. Qd4 Kh7 35. Qd3 e5 36. Qf3 Qb4 37. Qf5+ Kh6 38. Rd8 Qb1+ 39. Kg2 Qxe4+ 40.
Qxe4 Nxe4 41. Re8 f6 42. f4 Nd6 43. Re6 Nc4 44. Kf3 exf4 45. gxf4 Kg6 46. Rc6
Nd2+ 47. Kf2 Kf5 48. Rc5+ Kxf4 49. Rxh5 g5 50. Rh8 f5 51. Rd8 Ne4+ 52. Kg2 g4
53. Re8 Ng5 54. Re1 Ne4 55. Rf1+ Ke5 56. h3 gxh3+ 57. Kxh3 f4 58. Kg2 Kf5 59.
Re1 Ng5 60. Ra1 Kg4 61. Ra4 Ne6 62. Ra8 Ng5 63. Rg8 f3+ 64. Kf2 Kf4 65. Rf8+ Kg4
66. Re8 Nh3+ 67. Kf1 Nf4 68. Rg8+ Kf5 69. Rf8+ Ke4 70. Re8+ Kd3 71. Ra8 Ke3 72.
Ra3+ Nd3 73. Ra7 f2 74. Re7+ Kf3 75. Rf7+ Nf4 76. Rxf4+ 1-0

[Event "Chess24 Banter Blitz Cup"]
[Site "chess24.com INT"]
[Date "2019.11.09"]
[Round "1.11"]
[White "Kazhgaleyev, Murtas"]
[Black "Iturrizaga Bonelli, Eduardo"]
[Result "1-0"]
[WhiteTitle "GM"]
[BlackTitle "GM"]
[WhiteElo "2569"]
[BlackElo "2629"]
[WhiteFideId "13700316"]
[BlackFideId "3901211"]
[EventDate "2019.09.25"]
[EventType "blitz"]

1. e4 c5 2. c3 d5 3. exd5 Qxd5 4. d4 Nf6 5. Nf3 g6 6. Na3 Bg7 7. Nb5 Na6 8. Be3
cxd4 9. Qxd4 O-O 10. Bc4 Qxd4 11. Bxd4 b6 12. O-O Bb7 13. Ne5 Nd5 14. Rfe1 Nac7
15. Nxc7 Nxc7 16. Nxf7 Bxd4 17. cxd4 Bd5 18. Nh6+ Kh8 19. Rxe7 Bxc4 20. Rxc7 Bd5
21. Ng4 Rf4 22. f3 Rxd4 23. Re1 Bg8 24. Ree7 Rf8 25. Rxa7 Rd1+ 26. Kf2 Rd2+ 27.
Kg3 Rxb2 28. a4 h5 29. Ne5 Rf6 30. Ra8 g5 31. Ree8 1-0

[Event "Chess24 Banter Blitz Cup"]
[Site "chess24.com INT"]
[Date "2019.11.09"]
[Round "1.12"]
[White "Iturrizaga Bonelli, Eduardo"]
[Black "Kazhgaleyev, Murtas"]
[Result "1-0"]
[WhiteTitle "GM"]
[BlackTitle "GM"]
[WhiteElo "2629"]
[BlackElo "2569"]
[WhiteFideId "3901211"]
[BlackFideId "13700316"]
[EventDate "2019.09.25"]
[EventType "blitz"]

1. c4 e5 2. Nc3 Bb4 3. Nd5 Bc5 4. Nf3 c6 5. Nc3 d6 6. e3 Bb4 7. Qc2 Nf6 8. Be2
O-O 9. O-O Re8 10. a3 Ba5 11. b4 Bc7 12. d3 Nbd7 13. Bb2 Nf8 14. Rfd1 Ng6 15.
Rac1 h5 16. h3 a6 17. Ne4 Nh7 18. Ng3 h4 19. Nf1 f5 20. N3h2 Be6 21. d4 Qg5 22.
dxe5 dxe5 23. c5 e4 24. Bc4 Kh8 25. Bxe6 Rxe6 26. Rd7 Re7 27. Rcd1 Rae8 28. f4
Qh6 29. Qc4 Ngf8 30. Rxe7 Rxe7 31. a4 Nf6 32. b5 axb5 33. axb5 Nd5 34. bxc6 bxc6
35. Bd4 Ne6 36. Qa6 Qh5 37. Rd2 Nxd4 38. Rxd4 Qg6 39. Rxd5 Qe6 40. Rd1 Kh7 41.
Qe2 Qg6 42. Kf2 Re8 43. g4 hxg3+ 44. Nxg3 Ra8 45. Rd7 Bd8 46. Qh5+ Qxh5 47. Nxh5
Bh4+ 48. Kg1 Kg6 49. Nxg7 Rg8 50. Ne6 Kf6+ 51. Ng5 Ra8 52. Rd6+ Ke7 53. Rxc6
Ra1+ 54. Nf1 Ra2 55. Re6+ Kd7 56. Rd6+ Ke7 57. Rd2 Ra3 58. Rc2 Ra1 59. c6 Kd8
60. c7+ Kc8 61. Ne6 Be7 62. Nd4 Ra2 63. Rxa2 1-0

[Event "Chess24 Banter Blitz Cup"]
[Site "chess24.com INT"]
[Date "2019.11.09"]
[Round "1.13"]
[White "Kazhgaleyev, Murtas"]
[Black "Iturrizaga Bonelli, Eduardo"]
[Result "1-0"]
[WhiteTitle "GM"]
[BlackTitle "GM"]
[WhiteElo "2569"]
[BlackElo "2629"]
[WhiteFideId "13700316"]
[BlackFideId "3901211"]
[EventDate "2019.09.25"]
[EventType "blitz"]

1. d4 Nf6 2. Nf3 e6 3. c4 b6 4. g3 Bb7 5. Bg2 Be7 6. O-O O-O 7. Re1 Na6 8. Nc3
Ne4 9. Bd2 Qc8 10. d5 Nac5 11. Qc2 Nxc3 12. Bxc3 exd5 13. cxd5 Bxd5 14. Ng5 Bxg5
15. Bxd5 c6 16. Bg2 d5 17. b4 Ne6 18. b5 cxb5 19. Bxd5 b4 20. Bxa8 bxc3 21. Be4
Bd2 22. Red1 g6 23. Rxd2 cxd2 24. Qxd2 Rd8 25. Qb2 Qc5 26. e3 Qa5 27. Rc1 Qd2
28. Qxd2 Rxd2 29. a4 Nc5 30. Bc6 Nd3 31. Rf1 Ra2 32. Bb5 Nc5 33. Rc1 Kg7 34. h4
h5 35. Rc4 a6 36. Bc6 Nd3 37. f4 Ra1+ 38. Kg2 Ra2+ 39. Kf1 Rf2+ 40. Kg1 Re2 41.
e4 a5 42. e5 Re3 43. Kg2 Re2+ 44. Kf3 Rxe5 45. Be4 Ne1+ 46. Kf2 Re7 47. Rd4 f5
48. Bb1 Re6 49. Rd1 Ng2 50. Kxg2 Re2+ 51. Kf3 Rb2 52. Bd3 Rb3 53. Ke2 Rb2+ 54.
Rd2 Rb1 55. Bb5 Rb3 56. Rd3 Rb2+ 57. Ke3 Rb1 58. Rd7+ Kh6 59. Rd6 Re1+ 60. Kf2
Re4 61. Bc6 Kg7 62. Bxe4 fxe4 63. Ke3 1-0

[Event "Chess24 Banter Blitz Cup"]
[Site "chess24.com INT"]
[Date "2019.11.09"]
[Round "1.14"]
[White "Iturrizaga Bonelli, Eduardo"]
[Black "Kazhgaleyev, Murtas"]
[Result "1-0"]
[WhiteTitle "GM"]
[BlackTitle "GM"]
[WhiteElo "2629"]
[BlackElo "2569"]
[WhiteFideId "3901211"]
[BlackFideId "13700316"]
[EventDate "2019.09.25"]
[EventType "blitz"]

1. d4 Nf6 2. Nf3 g6 3. c4 Bg7 4. Nc3 O-O 5. e4 d6 6. Be2 c6 7. O-O e5 8. d5 Na6
9. Ne1 Nc5 10. f3 cxd5 11. cxd5 Nh5 12. Nd3 Nxd3 13. Bxd3 f5 14. Be3 f4 15. Bf2
g5 16. Rc1 Nf6 17. Nb5 g4 18. Nc7 gxf3 19. gxf3 Rb8 20. Bxa7 Bh3 21. Ne6 Qe8 22.
Rf2 Rc8 23. Rxc8 Qxc8 24. Nxf8 Bxf8 25. Bf1 Bd7 26. Rc2 Qe8 27. b3 Qd8 28. Bf2
Be7 29. Qd2 h5 30. Kh1 Nh7 31. Be2 Ng5 32. Qe1 Nh3 33. Qf1 Bh4 34. Bxh4 Qxh4 35.
Bd3 Kf8 36. a4 b6 37. Bb5 Bxb5 38. axb5 Ng5 39. Rc6 Ke7 40. Rxb6 Nf7 41. Rc6 Nd8
42. b6 Kd7 43. Rc7+ Ke8 44. b7 1-0

[Event "Chess24 Banter Blitz Cup"]
[Site "chess24.com INT"]
[Date "2019.11.08"]
[Round "1.1"]
[White "Demuth, Adrien"]
[Black "Movsesian, Sergei"]
[Result "1/2-1/2"]
[WhiteTitle "GM"]
[BlackTitle "GM"]
[WhiteElo "2498"]
[BlackElo "2654"]
[WhiteFideId "642274"]
[BlackFideId "310204"]
[EventDate "2019.09.25"]
[EventType "blitz"]

1. Nf3 d5 2. g3 Nf6 3. Bg2 c6 4. O-O Bg4 5. c4 dxc4 6. Qc2 Nbd7 7. Qxc4 Bxf3 8.
Bxf3 Ne5 9. Qb3 Nxf3+ 10. Qxf3 e6 11. Nc3 Be7 12. d3 O-O 13. b3 Nd5 14. Nxd5
Qxd5 15. Qxd5 cxd5 16. Bb2 Rfc8 17. Rfc1 f6 18. f4 Kf7 19. Kf2 Bc5+ 20. Kf3 Bb6
21. Rxc8 Rxc8 22. Rc1 Rxc1 23. Bxc1 Ke7 24. Be3 Bxe3 25. Kxe3 Kd6 26. d4 f5 27.
Kd3 Kc6 28. Kc3 1/2-1/2

[Event "Chess24 Banter Blitz Cup"]
[Site "chess24.com INT"]
[Date "2019.11.08"]
[Round "1.2"]
[White "Movsesian, Sergei"]
[Black "Demuth, Adrien"]
[Result "0-1"]
[WhiteTitle "GM"]
[BlackTitle "GM"]
[WhiteElo "2654"]
[BlackElo "2498"]
[WhiteFideId "310204"]
[BlackFideId "642274"]
[EventDate "2019.09.25"]
[EventType "blitz"]

1. e4 c5 2. Nf3 d6 3. Nc3 Nc6 4. Bb5 e5 5. O-O Nf6 6. d3 Be7 7. Bxc6+ bxc6 8.
Ne1 O-O 9. f4 exf4 10. Bxf4 Be6 11. Qd2 c4 12. d4 d5 13. e5 Ne4 14. Nxe4 dxe4
15. Qe3 c5 16. c3 cxd4 17. cxd4 Rb8 18. Rf2 Qd5 19. Rd1 Rfd8 20. Bg5 Bxg5 21.
Qxg5 f6 22. Qe3 fxe5 23. Rfd2 Rf8 24. dxe5 Qxe5 25. Nf3 Qh5 26. Nd4 Bg4 27. Rc1
Rbe8 28. Rxc4 h6 29. h3 Bd7 30. Rc7 Rf7 31. Rxa7 Qe5 32. Ne2 Be6 33. Rxf7 Bxf7
34. b3 Rc8 35. Qg3 Qa1+ 36. Kh2 Qf6 37. Qf4 Qg6 38. Ng3 Re8 39. Rd6 Qh7 40. Nf5
e3 41. Nxe3 Qe4 42. Qxe4 Rxe4 43. Nf5 Re2 44. a4 Bxb3 45. a5 Ra2 46. a6 Bc2 47.
Nd4 Be4 48. Rd8+ Kf7 49. Rd6 Rxg2+ 50. Kh1 Rg3+ 51. Kh2 Rg2+ 52. Kh1 Rg6+ 53.
Kh2 Rxd6 54. Nb5 Rb6 55. a7 Rxb5 56. Kg3 Ba8 0-1

[Event "Chess24 Banter Blitz Cup"]
[Site "chess24.com INT"]
[Date "2019.11.08"]
[Round "1.3"]
[White "Demuth, Adrien"]
[Black "Movsesian, Sergei"]
[Result "1-0"]
[WhiteTitle "GM"]
[BlackTitle "GM"]
[WhiteElo "2498"]
[BlackElo "2654"]
[WhiteFideId "642274"]
[BlackFideId "310204"]
[EventDate "2019.09.25"]
[EventType "blitz"]

1. Nf3 Nf6 2. g3 g6 3. b3 Bg7 4. Bb2 O-O 5. Bg2 a5 6. O-O a4 7. c4 c6 8. d3 d6
9. Nbd2 Nbd7 10. b4 a3 11. Bc3 e5 12. Qc2 Qe7 13. Rab1 d5 14. b5 d4 15. bxc6
bxc6 16. Ba1 Ra7 17. c5 Nxc5 18. Rfc1 Nfd7 19. Nc4 Ne6 20. Nfd2 Ng5 21. h4 Ne6
22. Bxc6 Rd8 23. Bg2 Nec5 24. Nb3 Na4 25. Nba5 Ndc5 26. Nc6 Qc7 27. Nxa7 Qxa7
28. Nb6 Be6 29. Nxa4 Nxa4 30. Rb4 Nc3 31. Bxc3 dxc3 32. Qxc3 e4 33. Qc7 Qxc7 34.
Rxc7 exd3 35. exd3 Bxa2 36. Ra4 Bb2 37. Bf1 Bb3 38. Ra6 Kg7 39. Rca7 Bd5 40.
Rxa3 Bxa3 41. Rxa3 Rc8 42. Ra1 Rc2 43. Re1 Kf6 44. Bg2 Bxg2 45. Kxg2 Rd2 46. Re3
h6 47. Kf3 g5 48. hxg5+ hxg5 49. Kg2 Kf5 50. Rf3+ Ke6 51. g4 Ke7 52. Kg3 f6 53.
Re3+ Kf7 54. Kf3 Kg6 55. Kg3 Kf7 56. Rf3 Ke6 57. Kg2 Ke5 58. Re3+ Kf4 59. Re4# 1-0

[Event "Chess24 Banter Blitz Cup"]
[Site "chess24.com INT"]
[Date "2019.11.08"]
[Round "1.4"]
[White "Movsesian, Sergei"]
[Black "Demuth, Adrien"]
[Result "1-0"]
[WhiteTitle "GM"]
[BlackTitle "GM"]
[WhiteElo "2654"]
[BlackElo "2498"]
[WhiteFideId "310204"]
[BlackFideId "642274"]
[EventDate "2019.09.25"]
[EventType "blitz"]

1. e4 c5 2. Nf3 d6 3. d4 cxd4 4. Nxd4 Nf6 5. Nc3 Nc6 6. g3 Nxd4 7. Qxd4 g6 8.
Bg5 Bg7 9. Qd2 O-O 10. Bh6 Bxh6 11. Qxh6 Qb6 12. Qc1 Ng4 13. Nd1 Qb4+ 14. Nc3
Qd4 15. Qf4 Be6 16. Be2 Ne5 17. O-O Rac8 18. Rfd1 Qb6 19. Rab1 Qa5 20. a3 a6 21.
Qd2 Nc4 22. Bxc4 Rxc4 23. Re1 Rfc8 24. Rbd1 Qe5 25. f3 b5 26. Qf2 a5 27. Rd2 Qc5
28. Qxc5 R4xc5 29. Ree2 b4 30. axb4 axb4 31. Nd1 Ra8 32. Ne3 Ra1+ 33. Kf2 Rh1
34. Kg2 Rb1 35. b3 Rc3 36. Rd4 Rb2 37. Kf2 Rc7 38. Rxb4 Ra2 39. c4 Kg7 40. Rxa2 1-0

[Event "Chess24 Banter Blitz Cup"]
[Site "chess24.com INT"]
[Date "2019.11.08"]
[Round "1.5"]
[White "Demuth, Adrien"]
[Black "Movsesian, Sergei"]
[Result "1/2-1/2"]
[WhiteTitle "GM"]
[BlackTitle "GM"]
[WhiteElo "2498"]
[BlackElo "2654"]
[WhiteFideId "642274"]
[BlackFideId "310204"]
[EventDate "2019.09.25"]
[EventType "blitz"]

1. Nf3 d5 2. g3 c6 3. Bg2 Bg4 4. c4 e6 5. cxd5 exd5 6. O-O Nd7 7. d3 Ngf6 8. Nc3
Be7 9. Qb3 Nc5 10. Qc2 O-O 11. e4 dxe4 12. dxe4 Qd3 13. Ne1 Qxc2 14. Nxc2 Nd3
15. Be3 Rfd8 16. b3 Nb4 17. Rac1 Nd3 18. Rb1 h6 19. f3 Be6 20. Rbd1 c5 21. Nd5
Nxd5 22. exd5 Rxd5 23. f4 Rdd8 24. Bxb7 Rab8 25. Be4 Nb4 26. Nxb4 Rxb4 27. Rxd8+
Bxd8 28. Rd1 Bb6 29. Bd5 Bxd5 30. Rxd5 c4 31. Bxb6 axb6 32. Rd4 b5 33. Kf2 cxb3
34. Rd8+ Kh7 35. axb3 Rxb3 36. Rd7 Kg6 37. Rd6+ f6 38. Rd7 h5 39. Kg2 Rb2+ 40.
Kh3 b4 41. Rb7 b3 42. Rb6 Kf5 43. Rb7 g6 44. Rb5+ Ke6 45. Rb6+ Kf5 46. Rb5+ Ke4
47. Rb6 Rb1 48. Rxf6 b2 49. Rb6 Kd3 50. Rb8 Kc3 51. Rc8+ Kd2 52. Rb8 Kc3 53.
Rc8+ Kd2 54. Rb8 Kc3 1/2-1/2

[Event "Chess24 Banter Blitz Cup"]
[Site "chess24.com INT"]
[Date "2019.11.08"]
[Round "1.7"]
[White "Demuth, Adrien"]
[Black "Movsesian, Sergei"]
[Result "0-1"]
[WhiteTitle "GM"]
[BlackTitle "GM"]
[WhiteElo "2498"]
[BlackElo "2654"]
[WhiteFideId "642274"]
[BlackFideId "310204"]
[EventDate "2019.09.25"]
[EventType "blitz"]

1. Nf3 d5 2. g3 c6 3. Bg2 Bg4 4. c4 e6 5. cxd5 Bxf3 6. Bxf3 cxd5 7. O-O Nc6 8.
d4 Nf6 9. Nc3 Be7 10. Qd3 O-O 11. Bf4 Qb6 12. Rfd1 Rfc8 13. a3 Na5 14. Rab1 Nc4
15. Bc1 Qa5 16. b4 Qd8 17. e4 dxe4 18. Nxe4 Nd5 19. Nc5 b5 20. Re1 Bf6 21. Ne4
h6 22. h4 a6 23. Nxf6+ Qxf6 24. Bxd5 exd5 25. Bf4 Re8 26. Kg2 Re6 27. Rxe6 Qxe6
28. Rc1 Re8 29. Qf3 Qe4 30. Rc3 h5 31. Rd3 g6 32. Kf1 Kg7 33. Kg2 Re6 34. Qxe4
Rxe4 35. f3 Re2+ 36. Kh3 Ra2 37. Bc1 Ra1 38. Rc3 f6 39. g4 Ra2 40. gxh5 gxh5 41.
Kg3 Kg6 42. Kf4 Rh2 43. Be3 Rxh4+ 44. Kg3 Rh1 45. Bf4 Ra1 46. Kf2 Rxa3 47. Rc1
Ra2+ 48. Kg3 Rb2 49. Rg1 Kf7 50. Bh6 Rxb4 51. Kf4 Rb3 52. Kf5 Rxf3+ 0-1

[Event "Chess24 Banter Blitz Cup"]
[Site "chess24.com INT"]
[Date "2019.11.08"]
[Round "1.8"]
[White "Movsesian, Sergei"]
[Black "Demuth, Adrien"]
[Result "1-0"]
[WhiteTitle "GM"]
[BlackTitle "GM"]
[WhiteElo "2654"]
[BlackElo "2498"]
[WhiteFideId "310204"]
[BlackFideId "642274"]
[EventDate "2019.09.25"]
[EventType "blitz"]

1. e4 c5 2. Nf3 d6 3. d4 cxd4 4. Qxd4 a6 5. Nc3 Nc6 6. Qd2 Nf6 7. b3 g6 8. Bb2
Bg7 9. Bd3 O-O 10. O-O-O b5 11. Kb1 Bb7 12. Rhe1 Rc8 13. Nd5 Nxd5 14. exd5 Nb8
15. Bxg7 Kxg7 16. Qe3 Re8 17. h4 Nd7 18. h5 Nf6 19. hxg6 hxg6 20. Rh1 Rh8 21.
Rxh8 Qxh8 22. Qxe7 Nxd5 23. Qxb7 Nc3+ 24. Kc1 Qh6+ 25. Nd2 Re8 26. Qc6 Nxd1 27.
Qxe8 Nxf2 28. Qe2 Qf4 29. Kb1 Ng4 30. Nf3 Ne3 31. Qd2 d5 32. Qc3+ f6 33. Nd4 Qf2
34. Qc7+ Kh6 35. Qh2+ Kg7 36. Ne6+ Kf7 37. Nd8+ Ke8 38. Bxg6+ Kxd8 39. Qd6+ Kc8
40. Qxa6+ Kc7 41. Qa5+ Kc8 42. Qa8+ Kc7 43. Qa7+ Kc8 44. Qc5+ Kd8 45. Qd6+ Kc8
46. Kb2 Nd1+ 47. Kc1 Ne3 48. Qc5+ Kd8 49. Qb6+ Kc8 50. Qc6+ Kd8 51. Kb2 Nd1+ 52.
Ka3 Qa7+ 53. Kb4 Qd4+ 54. Ka5 Qa7+ 55. Kxb5 Ne3 56. Qd6+ Qd7+ 57. Qxd7+ Kxd7 58.
Kc5 Ng4 59. Bf5+ Kc7 60. Bxg4 Kd8 61. Kxd5 Ke7 62. Bf5 Kf7 63. Kd6 Kg7 64. Ke7
Kh6 65. Kxf6 Kh5 66. g4+ Kh4 67. g5 Kg3 68. g6 Kf4 69. g7 Ke3 70. g8=Q Kd4 71.
Qc4+ Ke3 72. Qd3+ Kf2 73. Bg4 Kg2 74. Qf3+ Kh2 75. Bh3 Kg1 76. Qg2# 1-0

[Event "Chess24 Banter Blitz Cup"]
[Site "chess24.com INT"]
[Date "2019.11.08"]
[Round "1.9"]
[White "Demuth, Adrien"]
[Black "Movsesian, Sergei"]
[Result "0-1"]
[WhiteTitle "GM"]
[BlackTitle "GM"]
[WhiteElo "2498"]
[BlackElo "2654"]
[WhiteFideId "642274"]
[BlackFideId "310204"]
[EventDate "2019.09.25"]
[EventType "blitz"]

1. Nf3 d5 2. g3 c6 3. Bg2 Bg4 4. c4 e6 5. cxd5 Bxf3 6. Bxf3 cxd5 7. Bg2 Nc6 8.
O-O Nf6 9. b3 Be7 10. Bb2 O-O 11. d3 Nd7 12. Nc3 Bf6 13. Rc1 Rc8 14. Qd2 a6 15.
Rfd1 Qa5 16. a3 Qb6 17. b4 Nd4 18. Qe3 Nb3 19. Qxb6 Nxb6 20. e3 Nxc1 21. Rxc1
Rc6 22. d4 Nc4 23. Nxd5 exd5 24. Bxd5 Nxb2 25. Bxc6 bxc6 26. Rxc6 Ra8 27. Kf1
Kf8 28. Ke2 Na4 29. Kd3 Ke7 30. e4 Kd7 31. d5 a5 32. b5 Rb8 33. Kc4 Nb2+ 34. Kc5
Nd3+ 35. Kc4 Ne5+ 0-1